Statistiques concernant Culture Générale - Série 1324

Cliquez ici pour prendre le quiz!

Statistiques générales

  • Ce quiz a été pris 53 fois
  • Le résultat moyen est 6 sur 10

Statistiques - réponses

QuestionRéponse% Correct
Quelle ville d'Ukraine est tristement célèbre pour l'explosion de sa centrale nucléaire, le 26 avril 1986 ?Tchernobyl
94%
Dans quel État des États-Unis se trouve la ville de Malibu ?Californie
92%
Dans quel archipel de l'océan Pacifique formant une province de l'Équateur peut-on trouver des tortues terrestes dites "géantes" ?îles Galápagos
86%
Dans quelle saga spatiale peut-on entendre la célèbre phrase : "Non, je SUIS ton père" ?Star Wars
84%
En 1986, à quelle “vieille canaille” du rock, Serge Gainsbourg chantait-il : “J's'rai content quand tu s'ras mort” ?Eddy Mitchell
82%
Quel acteur français, lancé au théâtre par Jean Cocteau, a réalisé une sculpture en bronze baptisée "Le Passe- Muraille" ?Jean Marais
54%
Dans quelle ville aurez-vous le plaisir de visiter le palais de Topkapi ?Istanbul
50%
Quel homme politique français a fondé, en 1789, le journal révolutionnaire appelé "L'Ami du peuple" ?Jean-Paul Marat
46%
L'ouvrage d'André Gide qui met en scène le personnage de Lafcadio s'intitule "Les Caves du...Vatican
30%
A quelle réalisatrice doit-on le feuilleton télévisé "Les Dames de la côte", avec Edwige Feuillère et Fanny Ardant ?Nina Companeez
4%

Distribution des résultats

Percentile par nombre de réponses

% des personnes avec chaque résultat

Votre développement - résultats

Vous n’avez pas pris ce quiz